[Event "WORLD JUNIOR CHESS CHAMPIONSHIP 2009"]
[Site "PUERTO MADRYN - ARGENTINA"]
[Date "2009.10.22"]
[Round "1"]
[White "Adhiban, Baskaran"]
[Black "Garcia Fuentes, Sergio"]
[Result "1-0"]
[WhiteElo "2490"]
[BlackElo "2119"]

1.e4 c5 2.Nf3 d6 3.d4 Nf6 4.Nc3 cxd4 5.Nxd4 a6 6.h3 e6 7.g4 b5 8.Bg2 Bb7 9.O-O b4
10.Nd5 exd5 11.exd5 Be7 12.g5 Nfd7 13.Nc6 Qc7 14.Nxe7 Kxe7 15.Qd4 Kf8 16.Re1 Nc5 17.Bf4
Nbd7 18.Re3 Nb6 19.Rae1 Rg8 20.Qxb4 a5 21.Qxa5 f5 22.Qb5 Nxd5 23.Bxd5 Bxd5 24.Rd1
Bc6 25.Qxc5  1-0

[Event "WORLD JUNIOR CHESS CHAMPIONSHIP 2009"]
[Site "PUERTO MADRYN - ARGENTINA"]
[Date "2009.10.23"]
[Round "2"]
[White "Garcia Fuentes, Sergio Mig"]
[Black "Vishnu, Prasanna  V"]
[Result "0-1"]
[WhiteElo "2119"]
[BlackElo "2342"]

1.e4 c5 2.Nf3 d6 3.d4 cxd4 4.Nxd4 Nf6 5.Nc3 a6 6.Bc4 e6 7.Bb3 Nc6 8.Be3 Qc7 9.Qe2
Na5 10.g4 b5 11.f3 Nd7 12.O-O-O Nc5 13.Rhe1 b4 14.Nd5 exd5 15.exd5 Be7 16.Bf4 Ra7 17.Qxe7+
Qxe7 18.Bxd6 Ncxb3+ 19.axb3 Rb7 20.Rxe7+ Rxe7 21.Bxb4 Nb7 22.Bxe7 Kxe7 23.c4 a5
24.h3 Bd7 25.Kd2 Kd6 26.Re1 h5 27.Re2 g6 28.Kc3 hxg4 29.hxg4 Rh3 30.Rg2 Kc5 31.Rg1
g5 32.Rg2 Rh1 33.Re2 Rc1+ 34.Nc2 Kd6 35.b4 axb4+ 36.Kxb4 Nc5 37.Kc3 Rd1 38.Nb4
Ba4 39.Rf2 f6 40.Re2 Rf1 41.Re3 Rc1+ 42.Kd2 Rxc4  0-1

[Event "WORLD JUNIOR CHESS CHAMPIONSHIP 2009"]
[Site "PUERTO MADRYN - ARGENTINA"]
[Date "2009.10.23"]
[Round "2"]
[White "Goncalves, Marcus Vinicius M"]
[Black "Gator, Mosab"]
[Result "1/2-1/2"]
[WhiteElo "1865"]
[BlackElo "2139"]

1.d4 d5 2.c4 c6 3.Nc3 Nf6 4.Nf3 e6 5.Bg5 Be7 6.e3 Nbd7 7.Bd3 h6 8.Bh4 O-O 9.O-O
dxc4 10.Bxc4 b5 11.Bd3 a6 12.Ne4 Nxe4 13.Bxe7 Nxf2 14.Bxd8 Nxd1 15.Rfxd1 Rxd8 16.Be4 Bb7
17.Rac1 Rac8 18.Rc2 Nf6 19.Nd2 Nd5 20.Bxd5 cxd5 21.Rdc1 Rxc2 22.Rxc2 Rc8 23.Rc5
Rxc5 24.dxc5 e5 25.Nb3 Bc8 26.Na5 d4 27.Nc6 d3 28.Kf2 Kf8 29.Nxe5 Bf5 30.b4 Ke7 31.Ke1
Ke6 32.Nf3 Be4 33.Nd2 Bh7 34.Kf2 f5 35.Kf3 a5 36.a3 axb4 37.axb4 g5 38.g3 Ke5 39.h4
gxh4 40.gxh4  1/2-1/2

[Event "WORLD JUNIOR CHESS CHAMPIONSHIP 2009"]
[Site "PUERTO MADRYN - ARGENTINA"]
[Date "2009.10.24"]
[Round "3"]
[White "Gator, Mosab"]
[Black "Maenhout, Thibaut"]
[Result "0-1"]
[WhiteElo "2139"]
[BlackElo "2303"]

1.e4 d6 2.d4 Nf6 3.Nc3 c6 4.Nf3 Bg4 5.Be2 e6 6.O-O d5 7.e5 Nfd7 8.Ng5 Bxe2 9.Qxe2
h6 10.Nxf7 Kxf7 11.Qh5+ Ke7 12.Bg5+ hxg5 13.Qxh8 Qb6 14.Ne2 c5 15.Qh5 cxd4 16.Qxg5+ Ke8
17.Nf4 Nc5 18.Rab1 Nbd7 19.Qg6+ Ke7 20.Qg5+ Kf7 21.Qh5+ Kg8 22.Rbd1 Qxb2 23.Rfe1
Be7 24.Qg4 Rf8 25.Nh5 g5 26.Rxd4 Ne4 27.Rexe4  0-1

[Event "WORLD JUNIOR CHESS CHAMPIONSHIP 2009"]
[Site "PUERTO MADRYN - ARGENTINA"]
[Date "2009.10.24"]
[Round "3"]
[White "Taher, Rami"]
[Black "Garcia Fuentes, Sergio Mig"]
[Result "1/2-1/2"]
[WhiteElo "1946"]
[BlackElo "2119"]

1.e4 c5 2.Nf3 d6 3.d3 Nc6 4.g3 g6 5.Bg2 Bg7 6.O-O e5 7.c3 Nge7 8.a3 O-O 9.b4 b6
10.Bb2 h6 11.Re1 Be6 12.d4 Bg4 13.d5 Nb8 14.h3 Bd7 15.Nbd2 f5 16.Qb3 Na6 17.Nc4
b5 18.Nxd6 Qb6 19.Nxb5 Bxb5 20.c4 Be8 21.exf5 Rxf5 22.Bxe5 Bxe5 23.Rxe5 Rxe5 24.Nxe5
Qf6  1/2-1/2

[Event "JUNIORS WORLD CHESS CHAMPIONSH"]
[Site "Puerto Madryn, Argentina"]
[Date "2009.10.24"]
[Round "4.36"]
[White "Garcia Fuentes, Sergio Mig"]
[Black "Lehtimaki, Tero"]
[Result "1-0"]
[WhiteElo "2119"]
[BlackElo "2000"]
[PlyCount "58"]
[EventDate "2009.10.22"]

1. e4 c5 2. Nf3 g6 3. d4 cxd4 4. Nxd4 Nc6 5. Nc3 Bg7 6. Nde2 d6 7. g3 Nf6 8.
Bg2 O-O 9. O-O Rb8 10. a4 Bd7 11. h3 a6 12. Nd5 Nxd5 13. exd5 Ne5 14. Nd4 Qb6
15. c3 Rbc8 16. Qe2 Rfe8 17. Rd1 Nc4 18. Kh2 a5 19. Bf1 Qc5 20. b3 Nb6 21. c4
Nxd5 22. Nb5 Bxa1 23. Rxd5 Qb4 24. Qc2 Qe1 25. Bg2 Qe6 26. Be3 Bc6 27. Qd1 Bg7
28. Rd3 Bxg2 29. Kxg2 b6 1-0